| 000 | 00420nab a2200145Ia 4500 | ||
|---|---|---|---|
| 003 | ES-SlBCS | ||
| 005 | 20210601150856.0 | ||
| 008 | 140529s1958 xxu||||| |||| 00| 0 spa d | ||
| 041 | _aspa | ||
| 100 | 1 |
_aReinhard, H. M. _9188657 |
|
| 245 | 0 | 0 |
_aSor Blandina Marten, O. S. U. _c H. M. Reinhard |
| 600 | 1 | 4 |
_aMarten, Blandina _9327377 |
| 773 | 0 |
_tVida Sobrenatural, la _gvol. 59, 1958, págs. 300-310 _wRev495 |
|
| 942 | _cAR | ||
| 999 |
_c748191 _d748191 |
||